000 00518nmm a2200169Ia 4500
008 251105s9999||||xx |||||||||||||||||und||
020 _a9788476583883
041 _aspa
100 _aGrassi, Ernesto
245 0 _aLa filosofía del humanismo: preeminencia de la palabra
264 _a[Madrid, España] :
_bAnthropos,
_c1993
300 _a228 páginas
490 _aAutores, textos y temas. Humanismo
650 _aPhilosophy of language
856 _uhttps://public.digitaliapublishing.com/a/66534
942 _cCF
999 _c85117
_d85117